[Event "Sabaneta op-B 2nd"]
[Site "Sabaneta Antioquia"]
[Date "2023.07.02"]
[Round "6"]
[White "Zapata Sanchez, Juan Jose"]
[Black "Agudelo Salazar, Gabriel Jaime"]
[Result "1-0"]
[WhiteElo "1346"]
[BlackElo "1600"]
[PlyCount "57"]
[EventDate "2023.06.28"]
[EventType "swiss"]
[EventRounds "9"]
[EventCountry "COL"]
[SourceTitle "EXT 2024"]
[Source "ChessBase"]
[SourceDate "2023.10.10"]
[SourceVersion "1"]
[SourceVersionDate "2023.10.10"]
[SourceQuality "1"]

1. d4 Nf6 2. Bf4 g6 3. e3 Bg7 4. Nf3 0-0 5. h3 d6 6. Be2 Nbd7 7. 0-0 Qe8 8. Re1 e5 9. Bh2 b6 10. c4 Qe7 11. Nc3 Bb7 12. Rc1 Ne8 13. a3 f5 14. b4 g5 15. dxe5 Nxe5 16. Bxe5 dxe5 17. Nd5 Qd8 18. e4 c6 19. Nc3 Qf6 20. exf5 Nd6 21. Bd3 Rfe8 22. c5 Nxf5 23. Ne4 Qf8 24. Nfxg5 Rad8 25. Qh5 Bh6 26. Rcd1 Rxd3 27. Rxd3 Bc8 28. g4 Nd4 29. Rxd4 1-0

[Event "Sabaneta op-B 2nd"]
[Site "Sabaneta Antioquia"]
[Date "2023.06.30"]
[Round "4"]
[White "Aguilar, Jairo Alberto"]
[Black "Agudelo Salazar, Gabriel Jaime"]
[Result "1-0"]
[WhiteElo "1855"]
[BlackElo "1600"]
[PlyCount "79"]
[EventDate "2023.06.28"]
[EventType "swiss"]
[EventRounds "9"]
[EventCountry "COL"]
[SourceTitle "EXT 2024"]
[Source "ChessBase"]
[SourceDate "2023.10.10"]
[SourceVersion "1"]
[SourceVersionDate "2023.10.10"]
[SourceQuality "1"]

1. d4 Nf6 2. c4 e6 3. Nc3 d5 4. Nf3 Be7 5. g4 Nbd7 6. e3 c5 7. g5 Ne4 8. cxd5 Nxc3 9. bxc3 exd5 10. dxc5 Nxc5 11. Bb5+ Bd7 12. Bxd7+ Qxd7 13. a4 Rc8 14. h4 f6 15. Ba3 Nxa4 16. Bxe7 Nxc3 17. Qd3 Qxe7 18. Rc1 Qb4 19. Kf1 Qc4 20. Qxc4 Rxc4 21. gxf6 gxf6 22. Nd4 Ne4 23. Ra1 a6 24. Rg1 Kf7 25. Nf5 Ke6 26. Nd4+ Kd6 27. Rg7 Nc5 28. Rf7 Rc8 29. Rxf6+ Ke7 30. Rh6 b5 31. Rxh7+ Kd6 32. Rh6+ Kd7 33. Ke2 Na4 34. Rg1 Re8 35. Rxa6 Nc3+ 36. Kd3 Ra4 37. Rg7+ Re7 38. Rxe7+ Kxe7 39. Re6+ Kd7 40. Kxc3 1-0